Extremely Hard General Knowledge #33 - Statistics

General Stats
  • This quiz has been taken 407 times
  • The average score is 3 of 20
Answer Stats
Hint Answer % Correct
Which Latin term translates to "before war"? Antebellum
44%
Which one of the four regions of Croatia has Split as its largest city? Dalmatia
39%
Starting at the top left state and working your way around clockwise, what are the Four Corners states in the US? Utah, Colorado, New Mexico, Arizona
38%
"It is a truth universally acknowledged, that a single man in possession of a good fortune, must be in want of a wife" is the first line from which famous novel? Pride and Prejudice
37%
In which year did London introduce a congestion charge? 2003
34%
Who won the Best Actor Oscar for Sergeant York (1941) and for High Noon (1952)? Gary Cooper
27%
Which British Formula 1 driver was World Championship runner up four years in a row from 1955-1958? Stirling Moss
18%
Which American actor's autobiography was called Steps in Time? Fred Astaire
15%
Which American pop band consisting of 3 sisters have had two Number One Albums with Days are Gone in 2013 and Women in Music Pt. 3 in 2020? Haim
14%
Which two letters are represented by a singular dot and a singular dash respectively E & T
11%
To two decimal places, 1 Knot is the equivalent of how many miles per hour? 1.15
8%
Which unfinished opera by Giacomo Puccini was eventually completed by Franco Alfano? Turandot
7%
What is the culinary term given to a steak cut from between two ribs? Entrecôte
5%
In the Catholic Church, who is the patron saint of artists and doctors? Luke
5%
Which film, by the Coen brothers, stars Billy Bob Thornton and Frances McDormand as the Ed and Doris Crane? The Man Who Wasn't There (2001)
5%
Ruling from 1154-1159, who was the only Englishman to be the Pope? Adrian IV
4%
Which confectionary had a TV Advert with the slogan "Buy some for Lulu"? Smarties
3%
Which Lithuanian has won the World Strongest Man title four times? Žydrūnas Savickas
3%
In the year 41 A.D. whilst serving as an officer of his guard, who murdered the Roman Emperor Caligula? Cassius Chaerea
2%
In Zoology, which term is given to an animal that has no gills? Abranchiate
0%
No matching quizzes found
Score Distribution
Percent of People with Each Score
Percentile by Number Answered
Your Score History
You have not taken this quiz